Province confinanti più popolose - Quiz n°6 - Statistics

Statistiche generali
  • Questo quiz è stato fatto 4 volte
  • Il punteggio medio è 9 su 10
Statistiche sulle risposte
Provincia Provincia confinante più popolosa % Corretto
Brindisi Bari
100%
Pistoia Bologna
100%
Salerno Napoli
100%
Messina Palermo
100%
Caltanissetta Palermo
100%
Terni Perugia
100%
Asti Torino
100%
Bolzano Trento
100%
Massa-Carrara Reggio Emilia
75%
Piacenza Genova
50%
Nessun quiz corrispondente trovato
Distribuzione punteggi
Percentuale di utenti per punteggio
Percentile per numero di risposta
I tuoi punteggi nel tempo
Non hai fatto questo quiz